Small animal toxicology essentials (Record no. 393778)

MARC details
000 -LEADER
fixed length control field 00526 a2200205 4500
005 - DATE & TIME
control field 20260129110551.0
008 - FIXED-LENGTH DATA ELEMENTS--GENERAL INFORMATION
fixed length control field 260128b |||||||| |||| 00| 0 eng d
020 ## - ISBN
International Standard Book Number 9781394180110
Price $ 99.95
040 ## - CATALOGING SOURCE
Original cataloging agency VIVEKANANDA LIBRARY
082 ## - DDC NUMBER
Classification number 636.0896
Book Number W76S(2)
100 ## - MAIN ENTRY--PERSONAL NAME
Personal name Wismer, Tina, ed.
245 ## - TITLE STATEMENT
Title Small animal toxicology essentials
250 ## - EDITION STATEMENT
Edition statement 2nd
260 ## - PUBLICATION, DISTRIBUTION, ETC. (IMPRINT)
Name of publisher, distributor, etc John Wiley
Date of publication, distribution, etc 2025
Place of publication, distribution, etc Singapore
300 ## - PHYSICAL DESCRIPTION
Pages xii, 398
650 ## - Subject
Subject Agriculture
650 ## - Subject
Subject Animal Husbandry
650 ## - Subject
Subject Veterinary Taxicology
942 ## - ADDED ENTRY ELEMENTS (KOHA)
Koha item type Books
Holdings
Withdrawn status Lost status Source of classification or shelving scheme Damaged status Not for loan Location (home branch) Sublocation or collection (holding branch) Shelving location Date acquired Koha issues (times borrowed) Koha full call number Accession No. Koha date last seen Koha item type
    Dewey Decimal Classification     VIVEKANANDA LIBRARY VIVEKANANDA LIBRARY Vivekananda Library 03/12/2025   636.0896 W76S(2) 443503 03/12/2025 Books
© Designed and Maintained by Vivekananda Library, MDU Rohtak